00609 2200205 4500001002100000005001700021008004100038035002400079082001300103090002300116100001800139245009500157250001200252260003200264300001800296650005600314850001200370985000600382999001500388YOGYA-0209000004748320090227031544.0 ind  0010-020900000047483 a439.3124 a439.3124bBll SlT aBELLAARD, J A aSlentel behorende bis oefeningen in Nederland W taal voor de afdelingencDoor J.A Bellaard a6 de dr aAmsterdambW.Versluysc1936 a40 hlmc21 cm aBahasa Belanda - Pelajaran Pelajaran bahasa Belanda aYOPDYOG a1 aa000055375